000 00250nam a22001217a 4500
003 SGT
082 _bBHU
100 _aBHUYAN, NISIGANDHA
245 _aJOURNAL OF HUMAN VALUES
260 _aINDIA
_bSAGE
_c2022-23
300 _a273
942 _2ddc
_cBV
999 _c29882
_d29882